01213cam a22002771 4500001001300000003000400013005001700017008004100034010001700075035001900092040005700111042001200168043001200180050003100192100004400223245020400267250002800471260004800499300002400547490005400571500012400625500008400749650004700833650003800880999001700918l 32000090 DLC20260227111533.0780127s1932 dcu 000 0 eng c al 32000090  a(OCoLC)3584995 aU.S. Dept. of Labor. LibrarycICRCdICRCdOCoLCdDLC apremarc an-us---00aHD6093b.A35 no. 66, pt. 21 aSmith, Florence P.q(Florence Patteson)10aChronological development of labor legislation for women in the United States.cBy Florence P. Smith. Originally combined with History of labor movement for women in three states, by Clara M. Beyer. aRevised December, 1931. aWashington,bU.S. Govt. print. off.,c1932. avii, 176 p.c23 cm.0 aBulletin of the [U. S.] Women's bureau, no. 66-II aAt head ot title: United States Department of labor. W. N. Doak, secretary. Women's bureau. Mary Anderson, director. aA revision of Part II of Bulletin of the Women's bureau no. 66, issued in 1929. 0aLabor laws and legislationzUnited States. 0aWomenxEmploymentzUnited States. c36063d36063